[Event "Salou op U2200 1st"]
[Site "Salou"]
[Date "2016.04.29"]
[Round "1"]
[White "Draghici Flutur, Gavril"]
[Black "Garcia Navarro, Jose Jesus"]
[Result "0-1"]
[WhiteElo "2147"]
[BlackElo "1757"]
[PlyCount "106"]
[EventDate "2016.04.29"]
[EventType "swiss"]
[EventRounds "6"]
[EventCountry "ESP"]
[SourceTitle "CBM 172 Extra"]
[Source "ChessBase"]
[SourceDate "2016.06.21"]
[SourceVersion "1"]
[SourceVersionDate "2016.06.21"]
[SourceQuality "1"]

1. e4 c5 2. Nf3 Nc6 3. d4 cxd4 4. Nxd4 g6 5. Nc3 Bg7 6. Nde2 Nf6 7. g3 0-0 8. Bg2 d6 9. h3 Bd7 10. 0-0 Rc8 11. Nd5 Nh5 12. c3 h6 13. Kh2 Ne5 14. f4 Nc4 15. b3 Nb6 16. Bb2 Nxd5 17. exd5 Bb5 18. Rc1 Qa5 19. g4 Qxa2 20. Qc2 Bxe2 21. Ra1 Bd3 22. Qxd3 Qxb2 23. gxh5 Rxc3 24. Qe4 gxh5 25. Rxa7 Rc7 26. Qf5 Qe2 27. Qe4 Qd2 28. b4 Bf6 29. b5 Rb8 30. Ra3 h4 31. Rd3 Qb2 32. Qf5 Rc2 33. Qg4+ Kh8 34. Qf3 Rg8 35. Rg1 Re2 36. Kh1 Rg3 37. Rb3 Qd2 38. Qxg3 hxg3 39. Rxg3 Bd4 40. Rf1 Qb2 41. Rd1 Bf6 42. Rf1 Rxg2 43. Rxg2 Qxb5 44. Rd1 Qa4 45. Rb1 b5 46. f5 Qe4 47. Rxb5 Qxf5 48. Rb8+ Kh7 49. Rb3 Qxd5 50. Rb1 Qe4 51. Rf1 d5 52. Kg1 Qe3+ 53. Kh2 Be5+ 0-1

[Event "Almeria Sola Memorial 1st"]
[Site "Almeria"]
[Date "2014.12.26"]
[Round "2"]
[White "Garcia Navarro, Jose Jesus"]
[Black "Hernandez Munoz, Antonio Ramon"]
[Result "0-1"]
[WhiteElo "1750"]
[BlackElo "2151"]
[PlyCount "74"]
[EventDate "2014.12.26"]
[EventType "swiss"]
[EventRounds "7"]
[EventCountry "ESP"]
[SourceTitle "CBM 164 Extra"]
[Source "ChessBase"]
[SourceDate "2015.03.02"]
[SourceVersion "1"]
[SourceVersionDate "2015.03.02"]
[SourceQuality "1"]

1. e4 c5 2. Nf3 d6 3. d4 cxd4 4. Nxd4 Nf6 5. Nc3 a6 6. Bg5 e6 7. f4 h6 8. Bh4 Qb6 9. Qd2 Qxb2 10. Rb1 Qa3 11. Be2 Be7 12. Bf2 Nbd7 13. 0-0 Qa5 14. f5 e5 15. Nb3 Qc7 16. Rfd1 b6 17. Bf3 Bb7 18. Qe3 Rc8 19. Rd3 0-0 20. g4 Nc5 21. Nxc5 dxc5 22. h4 c4 23. Rdd1 Bc5 24. Qe2 b5 25. g5 hxg5 26. hxg5 Nh7 27. Bxc5 Qxc5+ 28. Kg2 Nxg5 29. f6 gxf6 30. Nd5 Bxd5 31. Rxd5 Qa3 32. Bg4 Rcd8 33. Rh1 Rxd5 34. exd5 Qc5 35. Bf5 Qxd5+ 36. Kg1 Rd8 37. Qh2 Nf3+ 0-1